Strategies and Tools for Corporate Blogging : (Record no. 594389)

MARC details
000 -LEADER
fixed length control field 00502nam a2200193 a 4500
008 - FIXED-LENGTH DATA ELEMENTS--GENERAL INFORMATION
fixed length control field 251028s2007##################000#0#eng##
020 ## - INTERNATIONAL STANDARD BOOK NUMBER
ISBN 9780750684163
082 04 - DEWEY DECIMAL CLASSIFICATION NUMBER
Classification number 659.202854678
Item number CAS
100 1# - MAIN ENTRY--AUTHOR NAME
Personal name Cass, Gene John,
245 10 - TITLE STATEMENT
Title Strategies and Tools for Corporate Blogging :
260 ## - PUBLICATION, DISTRIBUTION, ETC. (IMPRINT)
Name of publisher Routledge,
Year of publication 2007.
300 ## - PHYSICAL DESCRIPTION
Number of Pages 242 pages
650 #0 - SUBJECT ADDED ENTRY--TOPICAL TERM
Topical Term Business & Economics.
942 ## - ADDED ENTRY ELEMENTS (KOHA)
Koha item type English Books
Holdings
Withdrawn status Lost status Damaged status Not for loan Home library Current library Shelving location Date acquired Full call number Accession Number Price effective from Koha item type
        Anna Centenary Library Anna Centenary Library 6TH FLOOR, B WING 28.10.2025 659.202854678 CAS 350740 28.10.2025 English Books

Find us on the map